La controversia sobre los medios de pago ineficaces según la ley 25345 (Registro nro. 15290)

Detalles MARC
000 -LEADER
fixed length control field 00341 a2200109 4500
001 - CONTROL NUMBER
control field ART_18507
005 - DATE AND TIME OF LATEST TRANSACTION
control field 20260410161702.0
008 - FIXED-LENGTH DATA ELEMENTS--GENERAL INFORMATION
fixed length control field 260409a
100 1# - MAIN ENTRY--PERSONAL NAME
Personal name Oklander, Juan
245 10 - TITLE STATEMENT
Title La controversia sobre los medios de pago ineficaces según la ley 25345
773 0# - HOST ITEM ENTRY
Title Revista Impuestos
Related parts - Nº 9 (sep. 2012)
Record control number REV639

No hay ítems disponibles.